Sports Quiz

Random Sports or NBA Quiz

NBA Most Dunks 2015-16 Quiz Stats

Quiz Updated May 3, 2016

Challenge
Share
Tweet
Embed
Score 0/52 Timer 07:00
1 Play Today
Team Player % Correct
LACDeAndre Jordan
93.5%
CLELeBron James
92.1%
HOUDwight Howard
91.5%
NOPAnthony Davis
87.2%
OKCKevin Durant
86.5%
OKCRussell Westbrook
83.5%
MIAHassan Whiteside
80.3%
DETAndre Drummond
76.7%
CLETristan Thompson
70.5%
SACDeMarcus Cousins
69.8%
PHINerlens Noel
67.7%
OKCSteven Adams
65%
MEMJaMychal Green
63.9%
GSWAndrew Bogut
61%
OKCSerge Ibaka
58.8%
MINKarl-Anthony Towns
55.7%
MINAndrew Wiggins
55.3%
ATLAl Horford
55%
MILJabari Parker
52.2%
UTARudy Gobert
52.2%
BRKBrook Lopez
50.2%
MILGiannis Antetokounmpo
50%
PHXTyson Chandler
46.3%
CHIJimmy Butler
45.7%
SASKawhi Leonard
44.9%
LALJulius Randle
42.8%
Team Player % Correct
DENKenneth Faried
42.2%
SACRudy Gay
40.1%
UTADerrick Favors
39.9%
CLETimofey Mozgov
38.2%
PORMason Plumlee
37.3%
MILMiles Plumlee
37.1%
ORLAaron Gordon
36.8%
PHXAlex Len
35.7%
GSWHarrison Barnes
33.8%
HOUClint Capela
33.1%
BOSAmir Johnson
30.5%
HOUTrevor Ariza
29.8%
TORJonas Valanciunas
29%
CHITaj Gibson
27.4%
CHACody Zeller
25.3%
GSWFestus Ezeli
22.6%
TORBismack Biyombo
20.2%
LALLarry Nance, Jr.
19.8%
MINGorgui Dieng
19.8%
SACWillie Cauley-Stein
18.1%
UTATrevor Booker
15.5%
LALBrandon Bass
11.2%
PHIJerami Grant
9.4%
PORMaurice Harkless
7.2%
MINShabazz Muhammad
7%
NOPAlonzo Gee
2.7%

You're not logged in!

Compare scores with friends on all Sporcle quizzes.
Join for Free
OR
Log In

You Might Also Like...

Show Comments

Extras

Top Quizzes Today


Score Distribution

Your Account Isn't Verified!

In order to create a playlist on Sporcle, you need to verify the email address you used during registration. Go to your Sporcle Settings to finish the process.

Report this User

Report this user for behavior that violates our Community Guidelines.

Details: